[Event "33ème Open International d'Avoine"]
[Site "Avoine"]
[Date "2018.07.21"]
[Round "4.12"]
[White "Rodriguez Rodriguez, Antonio"]
[Black "Deslandes, Pascal"]
[Result "1-0"]
[WhiteElo "2088"]
[BlackElo "2362"]
[PlyCount "63"]
[EventDate "2018.??.??"]

1. e4 {[%emt 0:00:00]} e6 2. d4 d5 3. Bd3 dxe4 4. Bxe4 Nf6 5. Bf3 c5 6. Ne2 Nc6
7. Be3 cxd4 8. Nxd4 Ne5 9. Nc3 Be7 10. Qe2 Nxf3+ 11. Qxf3 O-O 12. O-O-O Qa5 13.
Nb3 Qc7 14. Rhe1 Bd7 15. Bf4 Qc6 16. Qe2 Rfd8 17. Na5 Qxg2 18. Rg1 Qh3 19. Nxb7
Rdc8 20. Be5 Bc6 21. Nd6 Rd8 22. Rg3 Qh4 23. Rd4 Qh6+ 24. Kb1 g6 25. Qa6 Qh5
26. f4 Bd5 27. b3 Rd7 28. Nc8 Bd8 29. Nxd5 exd5 30. Qc6 Rxc8 31. Qxc8 Qxh2 32.
Rgd3 1-0

[Event "33ème Open International d'Avoine"]
[Site "Avoine"]
[Date "2018.07.21"]
[Round "4.13"]
[White "Travadon, Loic"]
[Black "Maloberti, David"]
[Result "1-0"]
[WhiteElo "2344"]
[BlackElo "2136"]
[PlyCount "119"]
[EventDate "2018.??.??"]

1. d4 {[%emt 0:00:00]} Nf6 {[%emt 0:00:00]} 2. c4 g6 3. Nc3 Bg7 4. e4 d6 5. Nf3
O-O 6. Be2 e5 7. d5 Ne8 8. h4 f5 9. h5 gxh5 10. exf5 Bxf5 11. Nh4 Qf6 12. Be3
Na6 13. Nxf5 Qxf5 14. Rxh5 Qg6 15. Rg5 Qf7 16. Bg4 Kh8 17. Be6 Qe7 18. Rh5 Nf6
19. Rh3 Nc5 20. Bxc5 dxc5 21. Qc2 h6 22. Qg6 Qe8 23. Qxe8 Raxe8 24. Ke2 Nh7 25.
Ne4 Rf4 26. f3 Nf6 27. g3 Rxe4+ 28. fxe4 Nxe4 29. Rf1 Ng5 30. Rh2 b6 31. g4
Nxe6 32. dxe6 Rxe6 33. Rf7 e4 34. g5 Kg8 35. Rf5 hxg5 36. Rxg5 Kf8 37. b3 Re7
38. Rhg2 Bd4 39. Rf5+ Ke8 40. b4 Rh7 41. b5 Rh3 42. Rf4 e3 43. Rf1 Rh7 44. Kd3
Rh4 45. Rg8+ Ke7 46. Rc1 Be5 47. Rc2 Bf4 48. Ra8 Kd6 49. Rxa7 Rh8 50. a4 Rd8
51. Ke4 Re8+ 52. Kf3 Bg5 53. a5 bxa5 54. Rxa5 Ke5 55. Rg2 Rf8+ 56. Ke2 Bf4 57.
Ra1 Ke4 58. Ra6 Kd4 59. Rg4 Kxc4 60. Ra4+ 1-0

[Event "33ème Open International d'Avoine"]
[Site "Avoine"]
[Date "2018.07.21"]
[Round "4.14"]
[White "Shirazi, Kamran"]
[Black "Serralta, Michel"]
[Result "1/2-1/2"]
[WhiteElo "2330"]
[BlackElo "2126"]
[PlyCount "86"]
[EventDate "2018.??.??"]

1. d4 Nf6 2. Bg5 d5 3. Nc3 h6 4. Bxf6 exf6 5. e3 c6 6. Bd3 f5 7. Nf3 Bd6 8. Ne2
Be6 9. O-O Nd7 10. Rc1 Nf6 11. c4 dxc4 12. Bxc4 Nd5 13. a3 O-O 14. Qd3 Qf6 15.
Ng3 Ne7 16. Bxe6 Qxe6 17. Rfe1 Rfd8 18. b4 a5 19. Rb1 axb4 20. axb4 Rd7 21. b5
Ra3 22. Qc2 Ra2 23. Qc1 Nd5 24. bxc6 bxc6 25. e4 Bxg3 26. fxg3 fxe4 27. Ne5 Nf6
28. Rb8+ Kh7 29. Qc5 Rd5 30. Qc3 c5 31. Qb3 Rxd4 32. Rh8+ Kxh8 33. Nxf7+ Qxf7
34. Qxf7 Rdd2 35. Qf8+ Kh7 36. Qxc5 Rxg2+ 37. Kf1 Rxh2 38. Kg1 Rhg2+ 39. Kh1
Raf2 40. Qe5 Rh2+ 41. Kg1 h5 42. Rxe4 Nxe4 43. Qxe4+ g6 1/2-1/2

[Event "33ème Open International d'Avoine"]
[Site "Avoine"]
[Date "2018.07.21"]
[Round "4.15"]
[White "Lebret, Jean-Michel"]
[Black "Viel, Simon"]
[Result "0-1"]
[WhiteElo "2073"]
[BlackElo "2316"]
[PlyCount "64"]
[EventDate "2018.??.??"]

1. e4 e6 2. d4 d5 3. e5 c5 4. c3 Nc6 5. Nf3 Bd7 6. Be2 Nge7 7. Na3 cxd4 8. cxd4
Ng6 9. Nc2 Be7 10. Bd3 O-O 11. h4 h6 12. Ng5 hxg5 13. hxg5 Nb4 14. Nxb4 Bxb4+
15. Kf1 Qb6 16. Qh5 Rfc8 17. Qh7+ Kf8 18. Bxg6 Qxd4 19. Be3 Bb5+ 20. Kg1 Qxe5
21. Bxf7 Kxf7 22. g6+ Ke8 23. Qg8+ Kd7 24. Qf7+ Be7 25. Rh7 Rf8 26. Qxg7 Qxg7
27. Rxg7 Rg8 28. Rh7 Rxg6 29. Bc5 Re8 30. Bxa7 Reg8 31. a4 Rxg2+ 32. Kh1 Bd3
0-1

[Event "33ème Open International d'Avoine"]
[Site "Avoine"]
[Date "2018.07.21"]
[Round "4.16"]
[White "Pottier, Simeon"]
[Black "Schmit, Vincent"]
[Result "1/2-1/2"]
[WhiteElo "2061"]
[BlackElo "2285"]
[PlyCount "42"]
[EventDate "2018.??.??"]

1. d4 Nf6 2. c4 g6 3. Nc3 Bg7 4. e4 d6 5. Nf3 O-O 6. Be2 e5 7. O-O exd4 8. Nxd4
Re8 9. f3 Nc6 10. Be3 Nh5 11. Qd2 Nxd4 12. Bxd4 Nf4 13. Rfd1 Qg5 14. Bf1 Bxd4+
15. Qxd4 Qe5 16. Qxe5 dxe5 17. g3 Ne6 18. Nd5 Kg7 19. Bh3 Nd4 20. Bg2 Ne6 21.
Bh3 Nd4 1/2-1/2

[Event "33ème Open International d'Avoine"]
[Site "Avoine"]
[Date "2018.07.21"]
[Round "4.17"]
[White "Harutyunyan, Safar"]
[Black "Zachary, Matheo"]
[Result "0-1"]
[WhiteElo "2050"]
[BlackElo "2271"]
[PlyCount "160"]
[EventDate "2018.??.??"]

1. e4 c5 2. Nf3 Nc6 3. d4 cxd4 4. Nxd4 e5 5. Nb5 d6 6. c4 Be7 7. N1c3 a6 8. Na3
f5 9. exf5 Bxf5 10. Nc2 Nf6 11. Ne3 Be6 12. Bd3 O-O 13. O-O Rc8 14. b3 Kh8 15.
Ncd5 Qe8 16. Bb2 Nb8 17. Rc1 Nbd7 18. Bb1 Qf7 19. Qd2 Nc5 20. Nxf6 Qxf6 21. Nd5
Qf7 22. Nxe7 Qxe7 23. Rcd1 Rfd8 24. Qe3 b5 25. cxb5 axb5 26. Qe2 b4 27. Rfe1
Qh4 28. Qe3 Bg4 29. Rd2 Bh5 30. Bf5 Ra8 31. Bxe5 dxe5 32. Rxd8+ Rxd8 33. Qxc5
Qf4 34. Bc2 Qd4 35. Qxe5 Qxe5 36. Rxe5 Bg6 37. h4 Bxc2 38. Rb5 Bb1 39. Rxb4
Bxa2 40. Rb6 h6 41. f3 Rd4 42. h5 Rd5 43. g4 Rd3 44. Kf2 Rxb3 45. Ra6 Rb2+ 46.
Kg3 Bd5 47. Rd6 Bb7 48. Rd8+ Kh7 49. Rf8 Rb3 50. Kg2 Rb6 51. Re8 Rf6 52. Re3
Kg8 53. Kg3 Kf7 54. Rb3 Bd5 55. Ra3 Rb6 56. Ra4 Ke6 57. Rf4 Rb7 58. Ra4 Ke5 59.
f4+ Kf6 60. Ra6+ Ke7 61. Ra5 Rb3+ 62. Kh4 Be6 63. Ra7+ Bd7 64. Ra1 Rf3 65. Re1+
Kf6 66. Re4 Kf7 67. Rb4 Ra3 68. f5 Ke7 69. Re4+ Kf6 70. Rb4 Rd3 71. Rb6+ Ke5
72. Rb2 Bc6 73. Rf2 Rf3 74. Ra2 Kf4 75. Ra1 Rg3 76. Rc1 Rxg4+ 77. Kh3 Bg2+ 78.
Kh2 Be4 79. Rc4 Rh4+ 80. Kg1 Kg3 0-1

[Event "33ème Open International d'Avoine"]
[Site "Avoine"]
[Date "2018.07.21"]
[Round "4.18"]
[White "Coiffait, Pierre-Basile"]
[Black "Dessenne, Francois"]
[Result "1-0"]
[WhiteElo "2253"]
[BlackElo "2038"]
[PlyCount "79"]
[EventDate "2018.??.??"]

1. e4 c5 2. Nf3 Nc6 3. Bb5 g6 4. Bxc6 dxc6 5. h3 Bg7 6. d3 Nf6 7. Nc3 e5 8. O-O
Nd7 9. Be3 Qe7 10. Qd2 h6 11. Rae1 Nf8 12. Nh2 Ne6 13. Ne2 b6 14. b3 Ba6 15. a4
Rd8 16. Qc1 Bc8 17. Kh1 Kf8 18. f4 exf4 19. Nxf4 Kg8 20. Nxe6 Bxe6 21. Bf4 Kh7
22. Nf3 Rhe8 23. Bg3 Rf8 24. Qe3 f6 25. Bh4 Qd7 26. e5 Bd5 27. exf6 Bxf6 28.
Bxf6 Rxf6 29. Ne5 Rxf1+ 30. Rxf1 Re8 31. Kh2 Qe6 32. Re1 Qf5 33. Qg3 Kg7 34.
Nxg6 Rxe1 35. Nh4+ Qg5 36. Qxe1 Kf6 37. Qf2+ Ke6 38. Qe1+ Kf6 39. Qf2+ Ke6 40.
c4 1-0

[Event "33ème Open International d'Avoine"]
[Site "Avoine"]
[Date "2018.07.21"]
[Round "4.19"]
[White "Najart, David"]
[Black "Dupont, Victor"]
[Result "1-0"]
[WhiteElo "2230"]
[BlackElo "1999"]
[PlyCount "99"]
[EventDate "2018.??.??"]

1. c4 e6 2. g3 Nf6 3. Bg2 d5 4. Nf3 Be7 5. O-O O-O 6. d4 c5 7. cxd5 Nxd5 8. e4
Nf6 9. Nc3 cxd4 10. Nxd4 Nc6 11. Nxc6 bxc6 12. Qc2 Qa5 13. Bd2 Qh5 14. Qd1 Qxd1
15. Rfxd1 Rb8 16. b3 Bc5 17. Bf4 Rb4 18. Na4 Be7 19. Rac1 Bb7 20. Bd6 Bxd6 21.
Rxd6 Nxe4 22. Bxe4 Rxe4 23. Nc5 Rb4 24. Rd7 Bc8 25. Rxa7 e5 26. f3 Rd4 27. Kf2
f5 28. a4 Rd2+ 29. Ke3 Rxh2 30. Nd3 e4 31. Nf2 exf3 32. Rxc6 Re8+ 33. Kxf3 Be6
34. Rd6 g5 35. g4 Bxb3 36. gxf5 Rh4 37. Ng4 Rf8 38. f6 Bf7 39. Kg3 Rb8 40. Ne5
Rb3+ 41. Nf3 Re4 42. Rd8+ Re8 43. Rxe8+ Bxe8 44. Kf2 Rb2+ 45. Ke1 Rb1+ 46. Kd2
Bxa4 47. Nxg5 Rb8 48. Rg7+ Kf8 49. Ne6+ Ke8 50. Re7# 1-0

[Event "33ème Open International d'Avoine"]
[Site "Avoine"]
[Date "2018.07.21"]
[Round "4.20"]
[White "Kavciyan, Yega"]
[Black "Grimberg, Gilbert"]
[Result "1/2-1/2"]
[WhiteElo "2039"]
[BlackElo "2229"]
[PlyCount "101"]
[EventDate "2018.??.??"]

1. e4 d6 2. d4 Nf6 3. Nc3 Nbd7 4. Nf3 e5 5. g4 h6 6. g5 hxg5 7. Nxg5 exd4 8.
Qxd4 Ne5 9. Bf4 Nh7 10. O-O-O Nxg5 11. Qe3 Ng4 12. Qg3 Nh7 13. e5 g5 14. exd6
gxf4 15. Bb5+ c6 16. Rhe1+ Be6 17. Qxg4 Kd7 18. Rxe6 fxe6 19. Bc4 Qf6 20. Ne4
Qh6 21. Nc5+ Kc8 22. d7+ Kc7 23. Nxe6+ Kb6 24. d8=Q+ Rxd8 25. Nxd8 Nf6 26. Qf5
f3+ 27. Kb1 Qh4 28. Qd3 Bb4 29. a3 Nd5 30. Bxd5 Rxd8 31. Qb3 cxd5 32. Qxb4+
Qxb4 33. axb4 Re8 34. Rd3 Re1+ 35. Ka2 Re2 36. Rxf3 Rxc2 37. Rf4 Rc7 38. h4 Rh7
39. Kb3 Kb5 40. Kc3 Rh5 41. b3 b6 42. Kd3 a5 43. bxa5 bxa5 44. Ra4 Re5 45. Rd4
Kc5 46. Rg4 Re1 47. Ra4 Kb5 48. Kd4 Re2 49. Kxd5 Rxf2 50. Kd4 Rf3 51. Ra3
1/2-1/2

[Event "33ème Open International d'Avoine"]
[Site "Avoine"]
[Date "2018.07.21"]
[Round "4.21"]
[White "Heurtebize, Christophe"]
[Black "Frick, Christoph"]
[Result "0-1"]
[WhiteElo "2030"]
[BlackElo "2215"]
[PlyCount "58"]
[EventDate "2018.??.??"]

1. d4 d5 2. c4 c6 3. Nf3 Nf6 4. Nc3 dxc4 5. a4 Bf5 6. Ne5 Nbd7 7. Nxc4 Nb6 8.
Ne5 a5 9. f3 Nfd7 10. Nxd7 Nxd7 11. e4 Bg6 12. Be3 Qb6 13. Qd2 e5 14. d5 Bc5
15. Bxc5 Nxc5 16. Qf2 O-O 17. Bc4 Kh8 18. g4 f6 19. O-O Bf7 20. Rfd1 Qb4 21.
Qe2 Rfd8 22. Kg2 Nd7 23. Rac1 Nf8 24. b3 Ng6 25. Kg3 Nf4 26. Qe3 Bg8 27. Rd2
Rab8 28. Na2 Qa3 29. Nc3 Qxc1 0-1

[Event "33ème Open International d'Avoine"]
[Site "Avoine"]
[Date "2018.07.21"]
[Round "4.22"]
[White "Navrotescu, Vlad-Andrei"]
[Black "Ronce, Nathan"]
[Result "0-1"]
[WhiteElo "1516"]
[BlackElo "2198"]
[PlyCount "58"]
[EventDate "2018.??.??"]

1. c4 e5 2. g3 Nc6 3. Nc3 Bc5 4. Bg2 a6 5. e3 d6 6. Nge2 h5 7. d4 Ba7 8. a3 h4
9. b4 Nf6 10. Bb2 Bf5 11. Nd5 h3 12. Nxf6+ gxf6 13. Bd5 Rb8 14. Qb3 Ne7 15. c5
Nxd5 16. Qxd5 Qd7 17. dxe5 fxe5 18. cxd6 f6 19. Bxe5 Be6 20. Qe4 fxe5 21. Qxe5
Kf7 22. dxc7 Rbc8 23. Nf4 Qe7 24. Rd1 Qf6 25. Qd6 Qc3+ 26. Ke2 Bg4+ 27. Kf1
Qc4+ 28. Rd3 Qc1+ 29. Rd1 Qxd1+ 0-1

[Event "33ème Open International d'Avoine"]
[Site "Avoine"]
[Date "2018.07.21"]
[Round "4.23"]
[White "Degardin, Sylvain"]
[Black "Lamouroux, Lucas"]
[Result "1-0"]
[WhiteElo "2197"]
[BlackElo "1430"]
[PlyCount "67"]
[EventDate "2018.??.??"]

1. e4 e5 2. Nf3 Nc6 3. Bb5 Nf6 4. d3 Bc5 5. Bxc6 dxc6 6. Nbd2 Bg4 7. h3 Bxf3 8.
Qxf3 Qe7 9. Nc4 O-O-O 10. Bd2 Nd7 11. O-O-O Kb8 12. Qg3 f6 13. f4 h6 14. f5 Bd6
15. Qf3 Nb6 16. Nxb6 cxb6 17. g4 a5 18. h4 a4 19. Kb1 b5 20. g5 hxg5 21. hxg5
b4 22. g6 b3 23. axb3 axb3 24. cxb3 Bc5 25. Bc3 Qc7 26. Rxh8 Rxh8 27. Rh1 Rxh1+
28. Qxh1 Be3 29. Qh8+ Ka7 30. Qf8 c5 31. Qf7 Kb8 32. Qxc7+ Kxc7 33. Bxe5+ Kd7
34. Bxf6 1-0

[Event "33ème Open International d'Avoine"]
[Site "Avoine"]
[Date "2018.07.21"]
[Round "4.24"]
[White "Mathieu, Phileas"]
[Black "Gely, Yann"]
[Result "1/2-1/2"]
[WhiteElo "1935"]
[BlackElo "2162"]
[PlyCount "58"]
[EventDate "2018.??.??"]

1. e4 d6 2. d4 Nf6 3. Nc3 c6 4. a4 Qa5 5. Bd2 e5 6. dxe5 dxe5 7. Nd5 Qd8 8.
Nxf6+ Qxf6 9. Nf3 Bg4 10. Be2 Bxf3 11. Bxf3 Nd7 12. O-O Be7 13. a5 Rd8 14. Qe2
O-O 15. Be3 Bc5 16. Bg4 Qe7 17. Bxd7 Rxd7 18. Rfd1 Rfd8 19. Bxc5 Qxc5 20. Rxd7
Rxd7 21. Kf1 Qd4 22. c3 Qd2 23. Re1 Kf8 24. Qxd2 Rxd2 25. Re2 Rd1+ 26. Re1
Rxe1+ 27. Kxe1 Ke7 28. Kd2 Kd6 29. c4 g6 1/2-1/2

[Event "33ème Open International d'Avoine"]
[Site "Avoine"]
[Date "2018.07.21"]
[Round "4.25"]
[White "Burri, Quentin"]
[Black "Zachary, Bastian"]
[Result "1-0"]
[WhiteElo "2423"]
[BlackElo "1887"]
[PlyCount "39"]
[EventDate "2018.??.??"]

1. e4 e5 2. Nf3 Nc6 3. Bb5 a6 4. Ba4 Nf6 5. d3 b5 6. Bb3 Bc5 7. Nc3 d6 8. Nd5
h6 9. c3 Bb6 10. a4 Bb7 11. Nxf6+ Qxf6 12. Bd5 O-O 13. g4 Qg6 14. Nh4 Qf6 15.
Nf5 g6 16. g5 hxg5 17. Rg1 Kh7 18. Bxg5 Qh8 19. Rg3 Kg8 20. Bh6 1-0

[Event "33ème Open International d'Avoine"]
[Site "Avoine"]
[Date "2018.07.21"]
[Round "4.26"]
[White "Manea, Alexandru"]
[Black "Veysseyre, Robin"]
[Result "1-0"]
[WhiteElo "2394"]
[BlackElo "1882"]
[PlyCount "21"]
[EventDate "2018.??.??"]

1. Nc3 e5 2. Nf3 Nc6 3. e3 Nf6 4. d4 e4 5. Ne5 Ne7 6. Be2 d5 7. f3 Ng6 8. f4
Nxe5 9. dxe5 Ng4 10. Qxd5 Bb4 11. Qb5+ 1-0

[Event "33ème Open International d'Avoine"]
[Site "Avoine"]
[Date "2018.07.21"]
[Round "4.27"]
[White "Arene, Olivier"]
[Black "Tomasi, Albert"]
[Result "0-1"]
[WhiteElo "1888"]
[BlackElo "2302"]
[PlyCount "52"]
[EventDate "2018.??.??"]

1. e4 c5 2. d4 cxd4 3. c3 dxc3 4. Nxc3 Nc6 5. Nf3 e6 6. Bc4 a6 7. O-O b5 8. Bb3
Bb7 9. Bf4 Na5 10. Re1 Bc5 11. Bd6 Bxd6 12. Qxd6 Qb8 13. Qd4 Nf6 14. e5 Nxb3
15. axb3 Nd5 16. Ne4 O-O 17. Rad1 Bc6 18. Ng3 f5 19. Qh4 Qd8 20. Qd4 Qe7 21.
Ne2 g5 22. Nc1 Nf4 23. Re3 Nxg2 24. Kxg2 g4 25. Kf1 gxf3 26. Nd3 f4 0-1

[Event "33ème Open International d'Avoine"]
[Site "Avoine"]
[Date "2018.07.21"]
[Round "4.28"]
[White "Bouget, Alexandre"]
[Black "Giammari, Santu"]
[Result "1-0"]
[WhiteElo "2282"]
[BlackElo "1874"]
[PlyCount "115"]
[EventDate "2018.??.??"]

1. Nc3 c5 2. Nf3 d6 3. e3 Nf6 4. d4 cxd4 5. exd4 e6 6. Bd3 Be7 7. O-O a6 8. Bg5
Nbd7 9. Re1 b5 10. d5 e5 11. a4 b4 12. Ne4 Nxe4 13. Bxe7 Qxe7 14. Bxe4 O-O 15.
Nd4 Nc5 16. Nc6 Qc7 17. Bf3 f5 18. Nxe5 dxe5 19. d6 Qa7 20. Bxa8 Qxa8 21. Rxe5
Qc6 22. Qd5+ Qxd5 23. Rxd5 Nd7 24. Rd4 b3 25. cxb3 Nc5 26. Rad1 Nxb3 27. Rc4
Bd7 28. h3 Kf7 29. Rd3 Rb8 30. Re3 Be6 31. Rc7+ Kf6 32. d7 Rd8 33. Rc6 Nd4 34.
Rd6 Ke7 35. Rxd4 Rxd7 36. Rxd7+ Kxd7 37. b4 Bc4 38. Rc3 Bd5 39. b5 axb5 40.
axb5 g6 41. g3 h5 42. Rd3 Ke6 43. b6 Bc6 44. f4 Be4 45. Rd4 Bb7 46. Kf2 Bh1 47.
Ke3 Bc6 48. Kd2 Bg2 49. Kc3 Bh1 50. Kb4 Bb7 51. Kc5 Bg2 52. Rd6+ Ke7 53. Rxg6
Kd7 54. Rg7+ Kc8 55. h4 Bf3 56. Kd6 Kb8 57. Ke5 Bg4 58. Rxg4 1-0

[Event "33ème Open International d'Avoine"]
[Site "Avoine"]
[Date "2018.07.21"]
[Round "4.29"]
[White "Fretel, Liza"]
[Black "Devallee, Jeremie"]
[Result "0-1"]
[WhiteElo "1874"]
[BlackElo "2230"]
[PlyCount "68"]
[EventDate "2018.??.??"]

1. e4 e5 2. Nf3 Nc6 3. Bc4 Be7 4. O-O Nf6 5. Re1 d6 6. a4 O-O 7. a5 a6 8. c3
Bg4 9. h3 Be6 10. Qb3 Nxe4 11. Rxe4 d5 12. Nxe5 dxc4 13. Nxc6 bxc6 14. Qd1 Bd5
15. Re1 Bc5 16. d4 Bd6 17. Nd2 Qf6 18. Ne4 Qg6 19. Ng3 Bxg3 20. fxg3 Qxg3 21.
Re2 Rae8 22. Bd2 Bf3 23. Qe1 Qg6 24. Rf2 Rxe1+ 25. Rxe1 Bd5 26. Bf4 f6 27. Rfe2
Rc8 28. Kh2 h5 29. Bg3 Kh7 30. Bf4 h4 31. g4 Qd3 32. Rf2 g5 33. Be3 Re8 34. Rd2
Rxe3 0-1

[Event "33ème Open International d'Avoine"]
[Site "Avoine"]
[Date "2018.07.21"]
[Round "4.30"]
[White "Dutreuil, Raphael"]
[Black "Josse, Sebastien"]
[Result "1-0"]
[WhiteElo "2200"]
[BlackElo "1867"]
[PlyCount "85"]
[EventDate "2018.??.??"]

1. d4 d5 2. c4 e6 3. Nc3 Nf6 4. cxd5 exd5 5. Bg5 Be7 6. e3 c6 7. Bd3 O-O 8.
Nge2 Nbd7 9. O-O Re8 10. Qc2 h6 11. Bh4 Ne4 12. Bxe7 Qxe7 13. Rae1 Ndf6 14. f3
Ng5 15. Ng3 Bd7 16. Kh1 a5 17. Na4 b5 18. Nc5 Rac8 19. a4 Ne6 20. Nf5 Qf8 21.
Nxd7 Nxd7 22. axb5 c5 23. Qf2 c4 24. Bc2 Rb8 25. Ra1 g6 26. Qg3 Ng5 27. h4 Nh7
28. h5 Ng5 29. f4 gxf5 30. fxg5 Qg7 31. Bxf5 Nf6 32. g6 fxg6 33. Bxg6 Ne4 34.
Bf7+ Kh8 35. Qxg7+ Kxg7 36. Bxe8 Ng3+ 37. Kg1 Nxf1 38. Kxf1 Rxe8 39. Ke2 Kf6
40. Rxa5 Rg8 41. Kf3 Rb8 42. Kf4 Rb6 43. Ra6 1-0

[Event "33ème Open International d'Avoine"]
[Site "Avoine"]
[Date "2018.07.21"]
[Round "4.31"]
[White "Di Paolo, Marco"]
[Black "Bressy, Theo"]
[Result "0-1"]
[WhiteElo "1883"]
[BlackElo "2194"]
[PlyCount "40"]
[EventDate "2018.??.??"]

1. e4 e6 2. Nc3 d5 3. d4 Nf6 4. e5 Nfd7 5. Nce2 c5 6. c3 Nc6 7. f4 Be7 8. Nf3
O-O 9. Be3 f6 10. f5 exf5 11. e6 Nb6 12. dxc5 Nc4 13. Qc1 N6e5 14. Ned4 Bxc5
15. Nxf5 Nxe3 16. Nxe3 Nxf3+ 17. gxf3 Re8 18. Be2 Rxe6 19. Nc2 Bd7 20. a4 Qe7
0-1

[Event "33ème Open International d'Avoine"]
[Site "Avoine"]
[Date "2018.07.21"]
[Round "4.32"]
[White "Poignot, Quentin"]
[Black "Aubert, Estee"]
[Result "1/2-1/2"]
[WhiteElo "2191"]
[BlackElo "1854"]
[PlyCount "80"]
[EventDate "2018.??.??"]

1. e4 c5 2. Nf3 e6 3. d4 cxd4 4. Nxd4 Nf6 5. Nc3 Nc6 6. Be2 Bb4 7. O-O Bxc3 8.
bxc3 Nxe4 9. Qd3 Nf6 10. Ba3 Ne7 11. Nb5 O-O 12. Qd6 Ng6 13. Qg3 Ne7 14. Bxe7
Qxe7 15. Nc7 Rb8 16. Ne8 Rxe8 17. Qxb8 Qc5 18. Bf3 b5 19. a4 bxa4 20. Qb4 Qxb4
21. cxb4 Ba6 22. Rfc1 Bc4 23. Rxa4 a6 24. Bb7 Nd5 25. Bxd5 exd5 26. h3 Re4 27.
Ra3 Kf8 28. Re3 f5 29. Rce1 Kf7 30. c3 g5 31. f3 Re6 32. h4 h6 33. hxg5 hxg5
34. g4 Kg6 35. gxf5+ Kxf5 36. Kf2 Bb3 37. Rh1 Kf4 38. Rhe1 Kf5 39. Kg3 Bc4 40.
Kf2 Bb3 1/2-1/2

[Event "33ème Open International d'Avoine"]
[Site "Avoine"]
[Date "2018.07.21"]
[Round "4.33"]
[White "Roger, Mehdi"]
[Black "Bernhard, Simon"]
[Result "1/2-1/2"]
[WhiteElo "2177"]
[BlackElo "1863"]
[PlyCount "146"]
[EventDate "2018.??.??"]

1. e4 c5 2. Nf3 d6 3. c3 Nf6 4. Be2 Bd7 5. Qc2 Qc7 6. O-O g6 7. Re1 Bg7 8. h3
O-O 9. Bf1 b5 10. d3 Qb7 11. Bf4 Bc6 12. Nbd2 e5 13. Bh2 Nh5 14. d4 Nf4 15. g3
Nh5 16. Bg2 Na6 17. d5 Bd7 18. b3 Nc7 19. c4 b4 20. Kh1 a5 21. a4 bxa3 22. Rxa3
Na6 23. Rea1 Nb4 24. Qc3 Qb6 25. Bg1 h6 26. Kh2 f5 27. Ne1 fxe4 28. Bxe4 Bf5
29. f3 Qd8 30. Bf2 Qd7 31. Rxa5 Rxa5 32. Rxa5 Kh7 33. g4 Bxe4 34. Nxe4 Nf4 35.
Qe3 h5 36. Ng2 hxg4 37. hxg4 Nbd3 38. Nxf4 Nxf4 39. Ng5+ Kg8 40. Ne4 Bh6 41.
Ra8 Kh8 42. Rxf8+ Bxf8 43. Bg3 Bh6 44. Qc1 Qh7 45. Qh1 Bg5+ 46. Kg1 Ne2+ 47.
Kg2 Qxh1+ 48. Kxh1 Be7 49. Kg2 Nd4 50. f4 exf4 51. Bxf4 Nxb3 52. Bxd6 Bxd6 53.
Nxd6 Kg8 54. Kf3 Kf8 55. Ne4 Na5 56. Nxc5 Nxc4 57. Kf4 Ke7 58. Ne4 Nb6 59. Ke5
Nd7+ 60. Kd4 Nf8 61. g5 Nd7 62. Kc4 Ne5+ 63. Kc5 Kd7 64. Nf6+ Ke7 65. Ne4 Kd7
66. Kd4 Nf7 67. Kc4 Ke7 68. Kc5 Kd7 69. Nf6+ Kc7 70. Ne4 Kd7 71. Kb6 Nxg5 72.
Nxg5 Kd6 73. Kb5 Kxd5 1/2-1/2

[Event "33ème Open International d'Avoine"]
[Site "Avoine"]
[Date "2018.07.21"]
[Round "4.34"]
[White "Trouve, Guillaume"]
[Black "Tomasi, Elise"]
[Result "1-0"]
[WhiteElo "2176"]
[BlackElo "1847"]
[PlyCount "53"]
[EventDate "2018.??.??"]

1. e4 e5 2. Nf3 Nc6 3. Bb5 a6 4. Ba4 Nf6 5. O-O b5 6. Bb3 Bc5 7. a4 Rb8 8. Nxe5
Nxe5 9. d4 Bxd4 10. Qxd4 d6 11. f4 Nc6 12. Qc3 Bb7 13. e5 Ne4 14. Qe3 d5 15.
axb5 axb5 16. Nd2 Nxd2 17. Bxd2 d4 18. Qg3 O-O 19. f5 d3 20. c3 Kh8 21. Bg5 Qc8
22. f6 g6 23. e6 fxe6 24. f7 h5 25. Rae1 Nd8 26. Bxd8 Qxd8 27. Qxg6 1-0

[Event "33ème Open International d'Avoine"]
[Site "Avoine"]
[Date "2018.07.21"]
[Round "4.35"]
[White "Pellegrini, Thibaud"]
[Black "Meunier-Pion, Jean"]
[Result "0-1"]
[WhiteElo "1871"]
[BlackElo "2170"]
[PlyCount "160"]
[EventDate "2018.??.??"]

1. e4 c5 2. Ne2 d5 3. exd5 Nf6 4. Nbc3 Nxd5 5. Nxd5 Qxd5 6. Nc3 Qd8 7. Qf3 Nc6
8. Bb5 Bd7 9. O-O a6 10. Bc4 Na5 11. Qe2 Nxc4 12. Qxc4 e6 13. d3 Be7 14. Qg4
O-O 15. Bh6 Bf6 16. Ne4 Be5 17. Nxc5 Bc6 18. c3 Qe7 19. d4 f5 20. Qe2 Bd6 21.
Qxe6+ Qxe6 22. Nxe6 Rf6 23. Nxg7 Rxh6 24. Nxf5 Bxh2+ 25. Kh1 Rh5 26. Ne7+ Kf7
27. Nxc6 bxc6 28. g4 Rh4 29. Kg2 Bd6 30. Rh1 Rxg4+ 31. Kf3 Rf4+ 32. Ke3 Re8+
33. Kd3 Rh8 34. Rh6 Ke7 35. Rah1 Rf7 36. a4 Kd7 37. b4 Bf4 38. R6h5 Kc7 39. Kc4
h6 40. b5 Rb8 41. Rc5 axb5+ 42. axb5 Rxb5 43. Rxb5 cxb5+ 44. Kxb5 Rf5+ 45. Kc4
Bg5 46. Rh2 Rf3 47. Kd5 Rxc3 48. Ke4 Rc2 49. Kf3 Rd2 50. Kg3 Kd6 51. Rh1 Rxd4
52. Re1 Bf4+ 53. Kf3 Be5 54. Rh1 Bg7 55. Rg1 Bf8 56. Ra1 Ke6 57. Ra6+ Bd6 58.
Ke3 Rd5 59. Kf3 Kf5 60. Kg2 Rd1 61. Ra7 Be5 62. Ra8 h5 63. Ra4 Bf4 64. Ra8 Kg4
65. Ra5 Rd3 66. Ra8 Rd2 67. Rg8+ Bg5 68. Ra8 h4 69. Rh8 Rd3 70. Rh7 h3+ 71. Kf1
Bf4 72. Ke2 Rd2+ 73. Ke1 Rc2 74. Kf1 Rc1+ 75. Ke2 h2 76. f3+ Kg5 77. Rg7+ Kh5
78. Rh7+ Bh6 79. Rxh6+ Kxh6 80. f4 h1=Q 0-1

[Event "33ème Open International d'Avoine"]
[Site "Avoine"]
[Date "2018.07.21"]
[Round "4.36"]
[White "Mancini, Mario"]
[Black "Mauffrey, Victor"]
[Result "0-1"]
[WhiteElo "2157"]
[BlackElo "1844"]
[PlyCount "74"]
[EventDate "2018.??.??"]

1. d4 Nf6 2. c4 e5 3. dxe5 Ng4 4. Bf4 g5 5. Bg3 Bg7 6. Nf3 Nc6 7. Nc3 Ngxe5 8.
Nxe5 Nxe5 9. e3 d6 10. c5 O-O 11. cxd6 cxd6 12. Be2 Bf5 13. O-O a6 14. Qd2 Qd7
15. e4 Be6 16. Qxg5 f5 17. Rfd1 Kh8 18. Qd2 Rad8 19. Bh4 Bf6 20. Bxf6+ Rxf6 21.
exf5 Bxf5 22. Nd5 Rg6 23. f4 Be4 24. Qe3 Bxg2 25. Kf2 Re8 26. Rac1 Qd8 27. Qc3
Qh4+ 28. Ke3 Qxh2 29. Nc7 Rg3+ 30. Kd2 Rxc3 31. Rxc3 Qxf4+ 32. Kc2 Be4+ 33. Kb3
Rc8 34. Ka3 Nc6 35. Ne6 Qe5 36. Bg4 Qa5+ 37. Kb3 Qb4# 0-1

[Event "33ème Open International d'Avoine"]
[Site "Avoine"]
[Date "2018.07.21"]
[Round "4.37"]
[White "Tardi, Oscar"]
[Black "Deschin, Pierre-Antoine"]
[Result "1/2-1/2"]
[WhiteElo "1868"]
[BlackElo "2131"]
[PlyCount "98"]
[EventDate "2018.??.??"]

1. b3 e5 2. Bb2 Nc6 3. e3 Nf6 4. c4 d5 5. cxd5 Nxd5 6. Bb5 Bd6 7. Nf3 f6 8. Nc3
Nxc3 9. dxc3 Be6 10. Nd2 O-O 11. O-O Be7 12. e4 Na5 13. b4 a6 14. Be2 Nc6 15.
a4 Qd7 16. Nc4 Rfd8 17. a5 Qe8 18. Qc2 Qf7 19. Ne3 Rd7 20. Rad1 Rxd1 21. Rxd1
Bb3 22. Qc1 Be6 23. Nd5 Bd6 24. Ne3 Rd8 25. Nf5 Bc4 26. Qe3 Bxe2 27. Qxe2 Qb3
28. Rd2 Ne7 29. Ne3 Ng6 30. g3 Qe6 31. Qc4 Qxc4 32. Nxc4 Kf7 33. Ne3 Be7 34.
Rxd8 Bxd8 35. Bc1 Ne7 36. Kf1 c5 37. Ke2 Nc6 38. Bd2 Be7 39. Nd5 cxb4 40. cxb4
Bd6 41. Bc3 Ne7 42. Ne3 Ke6 43. Kd3 Kd7 44. Kc4 Kc6 45. h4 h5 46. Bd2 Bb8 47.
Nd5 Nc8 48. Be3 Nd6+ 49. Kd3 Nc8 1/2-1/2